Most Spoken Non-English Languages in Alabama - Statistics

General Stats
  • This quiz has been taken 59 times
  • The average score is 6 of 7
Answer Stats
Number of Speakers Language % Correct
75k Spanish
100%
1.3k French
96%
1.4k German
88%
5.4k Chinese
84%
4.5k Korean
80%
1.4k Arabic
73%
3.7k Vietnamese
70%
No matching quizzes found
Score Distribution
Percent of People with Each Score
Percentile by Number Answered
Your Score History
You have not taken this quiz